QUEST Central Library Banner

Finite Element Analysis of Shallow Foundation on Silty Soil Stabilized (Record no. 66716)

MARC details
000 -LEADER
fixed length control field 00331nam a22001217a 4500
082 ## - DEWEY DECIMAL CLASSIFICATION NUMBER
Classification number R/4CE16
100 ## - MAIN ENTRY--AUTHOR NAME
Personal name Samiullah
-- 16CE63
245 ## - TITLE STATEMENT
Title Finite Element Analysis of Shallow Foundation on Silty Soil Stabilized
260 ## - PUBLICATION, DISTRIBUTION, ETC. (IMPRINT)
Place of publication Nawabshah
Name of publisher QUEST
Year of publication 2019
300 ## - PHYSICAL DESCRIPTION
Number of Pages 31
700 ## - ADDED ENTRY--PERSONAL NAME
Personal name Department of Civil Engineering
942 ## - ADDED ENTRY ELEMENTS (KOHA)
Koha item type Thesis and Dissertation
Holdings
Withdrawn status Lost status Home library Current library Date acquired Full call number Accession Number Koha item type
    Central Library, QUEST, Nawabshah Research Section 26/11/2020 R/4CE16 CEP/56-706 Thesis and Dissertation

Copyright © 2018,The QUEST, Nawabshah, Shaheed Benazirabad. All rights reserved
Mr. G. Farooq Channar (Librarian) QUEST, Nawabshah, Sindh, Pakistan 67480.
 Ph#: |   0244-9370381-4 Ext. 2308   Email| lib@quest.edu.pk   Web|  http://www.quest.edu.pk